000
00335nam a2200133Ia 4500
008
151001s9999||||xx |||||||||||||| ||und||
100
_a
वसंत देशमुख
245
_a
भोवरा
250
_a
1
260
_b
मेनका प्रकाशन पुणे
260
_c
1968
300
_a
205
365
_b
7
999
_c
954437
_d
954434